| 000 | 00809 a2200241 4500 | ||
|---|---|---|---|
| 005 | 20260311112041.0 | ||
| 008 | 260311b |||||||| |||| 00| 0 eng d | ||
| 020 | _a978-93-85754-80-7 | ||
| 037 | _cREF | ||
| 040 |
_aCRL _cCRL |
||
| 041 |
_2eng _aeng |
||
| 084 |
_aY:1:(R).2 R4.1-.3(RR) _qCRL |
||
| 100 |
_aDiwakar, Vinod Mani _9846465 |
||
| 245 | _aPhilosophy of Indian culture | ||
| 260 |
_aNew Delhi: _bKitabwale, _c2019. |
||
| 300 |
_axvi,220p.(Vol.1) _axi,227p.(Vol.2) _avii,220p.(Vol.3) |
||
| 365 |
_b3150 _cINR |
||
| 650 | _aCulture | ||
| 650 | _aPhilosophy | ||
| 650 | _aSociology | ||
| 942 |
_cTB _2CC _hY:1:(R).2 R4.1-.3(RR) |
||
| 999 |
_c1463981 _d1463981 |
||